Vozidlá a prevádzka 3. : učebnica pre 4. ročník študijného odboru 37-49-6 prevádzka a údržba dopravných prostriedkov /

Uložené v:
Podrobná bibliografia
Hlavný autor: Antonický, Stanislav, 1938- (Author)
Médium: Kniha
Jazyk:Slovak
Vydané: Praha : Nadas, 1987.
Vydanie:1. vyd.
ISBN: (brož.)
Fyzický popis: 343 s.
Tagy: Pridať tag
Žiadne tagy, Buďte prvý kto otaguje tento záznam!

MARC

LEADER 00000nam a2200000 a 4500
001 000172607
005 20120622183548.0
008 060420s1987 xr e slo d
020 |a (brož.)  |c Kčs 15,00 
040 |a SVKKK  |b slo  |c SVKKK  |e AACR2 
041 0 |a slo 
044 |a xo  |c SK 
245 0 0 |a Vozidlá a prevádzka 3. :  |b učebnica pre 4. ročník študijného odboru 37-49-6 prevádzka a údržba dopravných prostriedkov /  |c Stanislav Antonický ... [et al.]. 
250 |a 1. vyd. 
260 |a Praha :  |b Nadas,  |c 1987. 
300 |a 343 s. 
700 1 |a Antonický, Stanislav,  |d 1938-  |4 aut 
910 |a svkkk 
998 |a BK 
090 |g SCKHL  |k Sklad Pribinova 2. posch.  |a II.312066  |j 757255  |i 172607-10  |s Absenčne 
090 |g SCKHL  |k Sklad Pribinova 2. posch.  |a II.322612  |j 756145  |i B241800  |s Absenčne